Green Marketing Myopia: The Effect of Green Marketing Myopia on Women Consumers Toward Cosmetics. (Record no. 3870)

MARC details
005 - DATE AND TIME OF LATEST TRANSACTION
control field 20250612132557.0
020 ## - INTERNATIONAL STANDARD BOOK NUMBER
International Standard Book Number 978-620-5-49023-5
082 ## - DEWEY DECIMAL CLASSIFICATION NUMBER
Classification number 658.834 SIN
100 ## - MAIN ENTRY--PERSONAL NAME
Author name SINGHAL, A.
245 ## - TITLE STATEMENT
Title Green Marketing Myopia: The Effect of Green Marketing Myopia on Women Consumers Toward Cosmetics.
260 ## - PUBLICATION, DISTRIBUTION, ETC.
Place of publication, distribution, etc. UK,
Name of publisher, distributor, etc. LAP Lambert Academic,
Date of publication, distribution, etc. 2022.
300 ## - PHYSICAL DESCRIPTION
Extent xvi, 221p.: ill.; figure, table
Other physical details References
Dimensions 23cm
942 ## - ADDED ENTRY ELEMENTS (KOHA)
Source of classification or shelving scheme Dewey Decimal Classification
Koha item type Books
Holdings
Date last seen Total checkouts Full call number Barcode Cost, replacement price Price effective from Koha item type Lost status Source of classification or shelving scheme Damaged status Not for loan Withdrawn status Home library Current library Shelving location Date acquired Cost, normal purchase price
06/12/2025   658.834 SIN 00000012780 562583.97 06/12/2025 Books   Dewey Decimal Classification       College of Business Education Main Library College of Business Education Main Library General Collection 09/17/2024 187527.99
06/12/2025   658.834 SIN 00000012781 562583.97 06/12/2025 Books   Dewey Decimal Classification       College of Business Education Main Library College of Business Education Main Library General Collection 09/17/2024 187527.99
06/12/2025   658.834 SIN 00000012782 562583.97 06/12/2025 Books   Dewey Decimal Classification       College of Business Education Main Library College of Business Education Main Library General Collection 09/17/2024 187527.99
06/12/2025   658.834 SIN 00000012783 562583.97 06/12/2025 Books   Dewey Decimal Classification       College of Business Education Main Library College of Business Education Main Library General Collection 09/17/2024 187527.99
06/12/2025   658.834 SIN 00000012784 562583.97 06/12/2025 Books   Dewey Decimal Classification       College of Business Education Main Library College of Business Education Main Library General Collection 09/17/2024 187527.99